000 00975cam a22003017a 4500
003 CHAP
005 20220329133828.0
008 971013s1985 r 00010 d
010 _a11494
011 _a12466
035 _a15652
040 _cCHAP
090 _aFolleto 11642
100 0 0 _aNair, P. K. Ramachandran.
_980072
245 1 0 _aAgroforestry in the context of land clearing and development in the tropics
260 _aNairobi, Kenya :
_bInternational Council for Research in Agroforestry,
_c1985
300 _a41 p., apénd.
490 0 _aWorking papers
_v; 33
590 _aBATCH-UPD
_b10
_c20130110
_lUCH01
_h1731
590 _aBATCH-UPD
_b10
_c20130410
_lUCH01
_h1112
590 _aBATCH-UPD
_b10
_c20130913
_lUCH01
_h2205
590 _aCONVERSION
_b10
_c20130109
_lUCH01
_h1308
650 1 4 _aAgroforesterĂ­a.
_92156
830 0 _aWorking papers
_v; 33
_9122633
901 _aBK
942 _cFOLL
949 _aFolleto 11642
_bBC
_cFOLL
_d-27860
_eTS1
_i15652
_mD
_si
999 _c11494
_d11494